000 00684nam a2200217Ia 4500
005 20251020182536.0
008 200515s9999 xx 000 0 und d
082 _a72.036/A89
100 _aAVALOS SANTOS, Ernesto
245 0 _aConstrucción para arquitectos
250 _a2a ed.
260 _aMedellín
260 _c1998
500 _a1 ejemplar
520 _aSencilla, didáctica y profunda guía para aprender la complejidad de la construcción en el ámbito de la arquitectura. En él se recoge en forma ejemplar, la historia de la civilización
650 _aARQUITECTURA
650 _aESTILOS ARQUITECTONICOS
650 _aHISTORIA
650 _aLIB
942 _cLIB
999 _c2226
_d2226